[Event "Oslo CC-chB"]
[Site "Oslo"]
[Date "2018.11.29"]
[Round "9"]
[White "Eriksen, Dagfinn"]
[Black "Eng, Thor"]
[Result "1-0"]
[WhiteElo "1693"]
[BlackElo "1429"]
[PlyCount "73"]
[EventDate "2018.09.06"]
[EventType "swiss"]
[EventRounds "9"]
[EventCountry "NOR"]
[SourceTitle "EXT 2024"]
[Source "ChessBase"]
[SourceDate "2023.10.10"]
[SourceVersion "1"]
[SourceVersionDate "2023.10.10"]
[SourceQuality "1"]

1. c4 Nf6 2. Nf3 g6 3. g3 Bg7 4. Bg2 0-0 5. 0-0 d6 6. d4 c5 7. Nc3 Nbd7 8. Qc2 cxd4 9. Nxd4 Nb6 10. b3 Nfd7 11. Rd1 a6 12. e4 e5 13. Nde2 Nf6 14. c5 Nbd7 15. cxd6 b5 16. Be3 Bb7 17. Rac1 Rc8 18. Qb1 Ng4 19. Nd5 Bxd5 20. Rxd5 Nxe3 21. fxe3 Qb6 22. Rd3 Bh6 23. Kh1 Bxe3 24. Rc7 Rxc7 25. dxc7 Qxc7 26. Rxe3 b4 27. Rd3 Rc8 28. Rd2 Qa7 29. Rc2 Rxc2 30. Qxc2 Qe3 31. Ng1 Nc5 32. Qe2 Qc1 33. h3 Qb1 34. Kh2 h5 35. Nf3 f6 36. Qc4+ Kg7 37. Qxc5 1-0

[Event "Oslo CC-chB"]
[Site "Oslo"]
[Date "2018.11.18"]
[Round "5"]
[White "Andersen, Erik Sexe"]
[Black "Eng, Thor"]
[Result "0-1"]
[WhiteElo "1249"]
[BlackElo "1429"]
[PlyCount "92"]
[EventDate "2018.09.06"]
[EventType "swiss"]
[EventRounds "9"]
[EventCountry "NOR"]
[SourceTitle "EXT 2024"]
[Source "ChessBase"]
[SourceDate "2023.10.10"]
[SourceVersion "1"]
[SourceVersionDate "2023.10.10"]
[SourceQuality "1"]

1. d4 Nf6 2. c4 c5 3. d5 b5 4. Nc3 b4 5. Na4 d6 6. Nf3 g6 7. e3 Bg7 8. Bd3 0-0 9. 0-0 e5 10. dxe6 Bxe6 11. b3 Nc6 12. Nb2 Qc7 13. h3 Rad8 14. e4 Ne5 15. Bf4 Nh5 16. Bxe5 dxe5 17. Ng5 Nf4 18. Nxe6 Nxe6 19. Qc1 Nf4 20. Qe3 Qe7 21. Kh2 Ne6 22. Be2 Nd4 23. Rac1 f5 24. exf5 Nxf5 25. Qe4 Nd6 26. Qd5+ Nf7 27. Qe4 Ng5 28. Qc2 e4 29. h4 Nf7 30. g3 Nd6 31. Nd1 Nf5 32. Ne3 Nd4 33. Nd5 Rxd5 34. cxd5 Nxc2 35. Rxc2 Bd4 36. Bc4 Qd6 37. Kg2 Rf3 38. Re2 Bxf2 39. Rfxf2 Qxg3+ 40. Kh1 Rxf2 41. Rxf2 Qxf2 42. d6+ Kf8 43. d7 Qxh4+ 44. Kg2 Qd8 45. Be6 Ke7 46. Kf2 Kxe6 0-1

[Event "Oslo CC-chB"]
[Site "Oslo"]
[Date "2018.10.25"]
[Round "6"]
[White "Eng, Thor"]
[Black "Kirkesola, Gitle"]
[Result "1-0"]
[WhiteElo "1429"]
[BlackElo "1529"]
[PlyCount "65"]
[EventDate "2018.09.06"]
[EventType "swiss"]
[EventRounds "9"]
[EventCountry "NOR"]
[SourceTitle "EXT 2024"]
[Source "ChessBase"]
[SourceDate "2023.10.10"]
[SourceVersion "1"]
[SourceVersionDate "2023.10.10"]
[SourceQuality "1"]

1. e4 e5 2. d4 exd4 3. c3 dxc3 4. Nxc3 Bb4 5. Bd2 Nc6 6. Nf3 d6 7. Bc4 h6 8. Qb3 Qe7 9. 0-0 Nf6 10. Nd5 Nxd5 11. exd5 Bxd2 12. dxc6 Ba5 13. cxb7 Bxb7 14. Qxb7 0-0 15. Qd5 Bb6 16. Nd4 Bxd4 17. Qxd4 c5 18. Qd5 Qf6 19. b3 Rae8 20. Rad1 Rd8 21. g3 Rfe8 22. Rfe1 Re7 23. Rxe7 Qxe7 24. a4 a5 25. h3 Qf6 26. Re1 Kf8 27. Re4 g5 28. h4 Rd7 29. hxg5 hxg5 30. Rg4 Re7 31. Rxg5 Re6 32. Rf5 Qe7 33. Qa8+ 1-0

[Event "Oslo CC-chB"]
[Site "Oslo"]
[Date "2018.09.06"]
[Round "1"]
[White "Rolstad, Morten"]
[Black "Eng, Thor"]
[Result "1-0"]
[WhiteElo "1850"]
[BlackElo "1429"]
[PlyCount "53"]
[EventDate "2018.09.06"]
[EventType "swiss"]
[EventRounds "9"]
[EventCountry "NOR"]
[SourceTitle "EXT 2024"]
[Source "ChessBase"]
[SourceDate "2023.10.10"]
[SourceVersion "1"]
[SourceVersionDate "2023.10.10"]
[SourceQuality "1"]

1. e4 e6 2. d4 d5 3. Nd2 c5 4. exd5 exd5 5. Ngf3 Nc6 6. Bb5 a6 7. Bxc6+ bxc6 8. 0-0 Be6 9. dxc5 Bxc5 10. Nb3 Be7 11. Re1 Nf6 12. Nbd4 Ne4 13. Nxc6 Qb6 14. Ncd4 0-0 15. c3 Rae8 16. Qb3 Qd6 17. Be3 Bd7 18. Rad1 Rb8 19. Qc2 f5 20. Ne2 g5 21. Bd4 Qe6 22. Ne5 Be8 23. f3 Nc5 24. Ng3 Qc8 25. Nc6 Bxc6 26. Rxe7 Be8 27. Rg7+ 1-0

[Event "Oslo-ch"]
[Site "Oslo"]
[Date "2017.??.??"]
[Round "3"]
[White "Eng, Thor"]
[Black "Midtstue, Lasse"]
[Result "0-1"]
[WhiteElo "1437"]
[BlackElo "1710"]
[PlyCount "108"]
[EventDate "2017.08.16"]
[EventType "swiss"]
[EventRounds "9"]
[EventCountry "NOR"]
[SourceTitle "EXT 2024"]
[Source "ChessBase"]
[SourceDate "2023.10.10"]
[SourceVersion "1"]
[SourceVersionDate "2023.10.10"]
[SourceQuality "1"]

1. e4 e5 2. Nf3 Nc6 3. Bc4 Nf6 4. Nc3 Bc5 5. 0-0 d6 6. h3 a6 7. a3 0-0 8. b4 Ba7 9. d3 h6 10. Ne2 b5 11. Ba2 Be6 12. c3 d5 13. Ng3 Qe7 14. Qc2 dxe4 15. dxe4 Rfd8 16. Be3 Bxe3 17. fxe3 Rd6 18. Nf5 Bxf5 19. exf5 e4 20. Nd4 Ne5 21. Rad1 Rc8 22. Ne6 Nd3 23. Nf4 Nxf4 24. Rxf4 Rcd8 25. Rff1 Qd7 26. Rd4 Qc6 27. Qb3 R8d7 28. Rfd1 Rxd4 29. Rxd4 Kf8 30. Rxd7 Qxd7 31. c4 c6 32. cxb5 axb5 33. g4 h5 34. g5 Nd5 35. Qd1 Qxf5 36. Qxh5 Nxe3 37. Qe2 Qxg5+ 38. Kh2 Qf4+ 39. Kh1 Qf1+ 40. Qxf1 Nxf1 41. Kg1 Nd2 42. Kf2 f5 43. Ke3 Nf3 44. Be6 g6 45. Bd7 Ne5 46. Be6 Ke7 47. Bb3 g5 48. a4 bxa4 49. Bxa4 Kd6 50. b5 cxb5 51. Bxb5 Kc5 52. Bf1 Nc4+ 53. Ke2 f4 54. Ke1 Kd4 0-1

[Event "Oslo-ch"]
[Site "Oslo"]
[Date "2017.??.??"]
[Round "8"]
[White "Eng, Thor"]
[Black "Skar, Oystein"]
[Result "0-1"]
[WhiteElo "1437"]
[BlackElo "1717"]
[PlyCount "88"]
[EventDate "2017.08.16"]
[EventType "swiss"]
[EventRounds "9"]
[EventCountry "NOR"]
[SourceTitle "EXT 2024"]
[Source "ChessBase"]
[SourceDate "2023.10.10"]
[SourceVersion "1"]
[SourceVersionDate "2023.10.10"]
[SourceQuality "1"]

1. e4 c5 2. d4 cxd4 3. c3 d3 4. Bxd3 Nc6 5. Nf3 g6 6. 0-0 Bg7 7. Bc4 d6 8. Ng5 Nh6 9. h3 0-0 10. f4 e6 11. Kh1 Qe7 12. Nf3 f5 13. Bd3 fxe4 14. Bxe4 Nf5 15. Qe1 Bd7 16. g4 Nh6 17. Be3 d5 18. Bc2 b5 19. Nbd2 Rfc8 20. Nb3 a5 21. Bd3 b4 22. Rc1 bxc3 23. bxc3 Rab8 24. Bc5 Qe8 25. Bd6 Ra8 26. Nc5 Nf7 27. Nxd7 Qxd7 28. Ba3 Rab8 29. Nh4 e5 30. fxe5 Nfxe5 31. Be2 Re8 32. Qf2 Re6 33. Qg2 d4 34. Rcd1 d3 35. Bf3 Nxf3 36. Rxf3 Ne5 37. Rff1 Nc4 38. Bc5 Re2 39. Qg3 Rbe8 40. Ng2 Qd5 41. Bf2 Nb2 42. Rb1 d2 43. Rxb2 d1Q 44. Rxd1 Qxd1+ 0-1